000 00685nam a2200193Ia 4500
003 GCL
008 140319s9999 xx 000 0 ara d
040 _aGCL /
_cGCL
082 0 4 _a926.1
_bم ا
100 1 _aمحمود عبدالعزيز الزعبى
245 1 0 _aاطباء من التاريخ :
_bالاسرار وتقويم الادلة /
_cمحمود عبدالعزيز الزعبى
250 _aالاولى
260 _aالاردن :
_bوزارة الثقافة الاردنية ،
_c2004
300 _a549 ص ؛
_c24 سم
490 _aسلسلة كتب ثقافية
_v88
650 0 4 _aالطب - تاريخ
650 0 4 _aالاطباء - تراجم
942 _2ddc
_cBK
999 _c8412
_d8412